000 00321nam a2200109Ia 4500
008 240129s9999 xx 000 0 und d
100 _aPATHAK, PRAVEENA
245 0 _aKAINSAR ROG KE YOG AUR KAAL NIRDHAARAN JYOTISHEEY SANDARBH MEIN
260 _bMEWAR UNIVERSITY, CHITTORGARH
_c2021
650 _aAstrology
942 _cTHE
999 _c218966
_d218966